| 000 | 00463nam a22001817a 4500 | ||
|---|---|---|---|
| 003 | CEME | ||
| 005 | 20210628201751.0 | ||
| 008 | 210216b xxu||||| |||| 00| 0 eng d | ||
| 020 | _a0-89006-170-X | ||
| 040 | _c. | ||
| 082 | _a621.3848 BAR-P | ||
| 100 |
_aBarton, David.K _956609 |
||
| 245 | _aModern radar system analysis | ||
| 260 |
_aBOSTON _bARTECH HOUSE _c1988 |
||
| 300 | _aXVII,590P | ||
| 650 |
_aRADAR RADAR SYSTEM ANALYSIS _956744 |
||
| 942 |
_cBK _2ddc |
||
| 999 |
_c567101 _d567101 |
||